000 00803cam a22002414a 4500
001 13339968
005 20180123042143.0
008 030911s2004 ctu b 001 0 eng
010 _a 2003062432
020 _a0275980375 (alk. paper)
040 _aDLC
_cDLC
_dDLC
041 _aeng
042 _apcc
080 _a658.302
082 0 0 _a658.302 THO
_222
100 1 _a54
101 _aLID
245 1 0 _aDefining the really great boss /
_cM. David Dealy with Andrew R. Thomas ; foreword by Bill Lindig.
504 _aIncludes bibliographical references and index.
906 _a7
_bcbc
_corignew
_d1
_eocip
_f20
_gy-gencatlg
942 _2ddc
_cBK
999 _c40738
_d40738